000
00315nam a2200133Ia 4500
005
20251222143226.0
008
251222s9999||||xx |||||||||||||| ||spa||
020
_a
9974-39-591-7
082
_a
708.895/S31
100
_a
Sclavo, Fidel
245
0
_a
Historias que Quedan en Nada
264
_b
Tradinco
942
_c
LIB
999
_c
13993
_d
13993